İKİNCİ ADAM CİLT-I (Kayıt no. 1118026)

MARC ayrıntıları
000 -LEADER
sabit uzunluktaki kontrol alanı 00261nam a2200097Ia 4500
001 - KONTROL NUMARASI
kontrol alanı 1118026
005 - EN SON İŞLEMİN TARİH VE ZAMANI
kontrol alanı 20250827004117.0
008 - SABİT-UZUNLUKTA VERİ ÖĞELERİ--GENEL BİLGİ
sabit uzunluktaki kontrol alanı 250824s9999 xx 000 0 und d
245 #0 - ESER / YAZAR
ESER ADI İKİNCİ ADAM CİLT-I
Yazar Adı ŞEVKET SÜREYYA AYDEMİR
260 ## - YAYIN, DAĞITIM, VB.
YAYIN EVİ REMZİ KİTABEVİ
Mevcut
Düşüm durumu Kayıp durumu Hasar Durumu Ödünç verilmez Ana kütüphane Geçerli Kütüphane Edinilen tarih Toplam ödünç verme sayısı Barkod Son görüntüleme tarihi Fiyatın geçerli olmaya başladığı tarih Koha materyal türü
        DURSUN FAKİH ANADOLU LİSESİ DURSUN FAKİH ANADOLU LİSESİ 24.08.2025   10874235 27.08.2025 27.08.2025 Kitaplar
Gemini Bilgi Teknolojileri A.Ş. tarafından düzenlenmiştir.